00291nam a2200121Ia 4500008004100000041000900041082001900050100002500069245002500094260003400119300000800153650000800161230718s9999 xx 000 0 und d aEng. a347.057bKHA-L aKhan, Muhammad Ahmed 0aLimitatiom Ace, 1908 aPakistanbMan foul bookc2008 a112 aLaw